000 01088nam a22002657a 4500
005 20110214110156.0
008 090211t xxu||||| |||| 00| 0 hin d
010 _aHIN-91867
020 _c75.00
_a8188495158
035 _aHN-64213
037 _bDBAD / PUB
040 _aDPL
_bHN
082 _a822
100 _aटैगोर, रवीन्द्रनाथ
_925892
245 _aडाकघर /
_cरवीन्द्रनाथ टैगोर
246 _aDakghar
_bby ravinder nath tagor
260 _aमथुरा
_bरमन बुक सेंटर
_c2010
270 _a1940, बाढ़पुरा कॉलोनी, सदर रोड
_bमथुरा (उ.प्र.)
_e281001
300 _a48पृ.
_c22सेमी. (सजिल्द)
650 _91169
_aहिन्दी नाटक
650 _925893
_aHindi Play
700 _a
_925894
942 _2ddc
_cHN
_h822
_mटैगोर
999 _c50522
_d50522